000 00245nam a22001097a 4500
008 170118b xxu||||| |||| 00| 0 eng d
020 _a9780397551231
041 _aeng
080 _a618.2
245 _aTERMINAL ILLNESS
_cKEMP, CH
942 _2udc
_cBK
999 _c3077
_d3077